000 00422nam a2200181Ia 4500
008 210210b1902 xxu||||| |||| 00| 0 eng d
041 _aeng
082 _a825/274
100 _aDOWDEN (E)
245 _aNew studies in literature
260 _aLondon
_bKegan Paul trench & Co
_c1902
650 _astudies
650 _aNew
650 _aliterature
650 _ain
690 _aEnglish Criticism
906 _a014591
999 _c133782
_d133782